00391 2200157 4500001002100000005001500021035002000036245004000056100001600096300002600112260003600138082000800174084001400182020002200196990001500218INLIS00000000000327120251203105536 a0010-12250000921 aHappy Ending Machine /cAdelina Ayu0 aAdelina Ayu a318 hlm ;c13 x 19 cm aJakarta :bBhuana Sastra,c2025 a813 a813 ADE h a978-623-04-2049-8 a19746/B/26